Central Library OPAC University of Rajshahi

Bureaucracy and political development / (Record no. 5771)

MARC details
000 -LEADER
fixed length control field 01002cam a2200289 a 4500
001 - CONTROL NUMBER
control field 5771
003 - CONTROL NUMBER IDENTIFIER
rucl marc code BD RjUL
005 - DATE AND TIME OF LATEST TRANSACTION
control field 20211208234126.0
008 - FIXED-LENGTH DATA ELEMENTS--GENERAL INFORMATION
fixed length control field 160820s19651963xx 000 0 eng
035 ## - SYSTEM CONTROL NUMBER
System control number ( BD RjUL)5810
040 ## - CATALOGING SOURCE
Original cataloging agency DLC
Transcribing agency TOL
Modifying agency BD RJUL
Language of cataloging eng
041 ## - LANGUAGE CODE
Language code of text/sound track or separate title eng
082 ## - DEWEY DECIMAL CLASSIFICATION NUMBER
Classification number 351.1
Author mark and year BUR 1965
Edition number 23
245 10 - TITLE STATEMENT
Title Bureaucracy and political development /
Statement of responsibility, etc. edited by Joseph LaPalombara ; contributors Carl Beck ... [et al.]
260 ## - PUBLICATION, DISTRIBUTION, ETC. (IMPRINT)
Place of publication, distribution, etc. Princeton :
Name of publisher, distributor, etc. Princeton University Press,
Date of publication, distribution, etc. 1963 [printing 1965]
300 ## - PHYSICAL DESCRIPTION
Pagination 487 p. ;
Size 24 cm
490 1# - SERIES STATEMENT
Series statement Studies in political development ;
Volume/sequential designation 2
500 ## - GENERAL NOTE
General note "Sponsored by the Committee on Comparative Politics of the Social Science Research Council."
504 ## - BIBLIOGRAPHY, ETC. NOTE
Bibliography, etc Includes bibliography
650 #0 - SUBJECT ADDED ENTRY--TOPICAL TERM
Topical term or geographic name as entry element Bureaucracy
9 (RLIN) 18116
Topical term or geographic name as entry element Public administration
9 (RLIN) 18117
700 1# - ADDED ENTRY--PERSONAL NAME
Personal name LaPalombara, Joseph
Dates associated with a name 1930-
830 #0 - SERIES ADDED ENTRY--UNIFORM TITLE
Volume number/sequential designation 2
Uniform title Studies in political development ;
942 ## - ADDED ENTRY ELEMENTS (KOHA)
Source of classification or shelving scheme Dewey Decimal Classification
Koha item type Books
Holdings
Lost status Source of classification or shelving scheme Damaged status Not for loan Collection code Permanent Location Current Location Date acquired Source of acquisition Cost, normal purchase price Total Checkouts Full call number Date last seen Copy number Koha item type Shelving location
  Dewey Decimal Classification     Non-fiction Central Library, University of Rajshahi Central Library, University of Rajshahi 30/10/1968 Zeitlinger 81.00   351.1 BUR 1965 07/01/2014 C-10 Books  
  Dewey Decimal Classification     Non-fiction Central Library, University of Rajshahi Central Library, University of Rajshahi 30/08/1968 Zeitlinge 80.60   351.1 BUR 1965 20/08/2016 C-2 Books  
  Dewey Decimal Classification     Non-fiction Central Library, University of Rajshahi Central Library, University of Rajshahi 30/08/1968 Zeitlinge 80.60   351.1 BUR 1965 20/08/2016 C-3 Books  
  Dewey Decimal Classification     Non-fiction Central Library, University of Rajshahi Central Library, University of Rajshahi 30/08/1968 Zeitlinge 80.60   351.1 BUR 1965 20/08/2016 C-4 Books  
  Dewey Decimal Classification     Non-fiction Central Library, University of Rajshahi Central Library, University of Rajshahi 30/08/1968 Zeitlinge 80.60   351.1 BUR 1965 20/08/2016 C-5 Books  
  Dewey Decimal Classification     Non-fiction Central Library, University of Rajshahi Central Library, University of Rajshahi 30/10/1968 Zeitlinge 81.00   351.1 BUR 1965 20/08/2016 C-6 Books  
  Dewey Decimal Classification     Non-fiction Central Library, University of Rajshahi Central Library, University of Rajshahi 30/10/1968 Zeitlinge 80.60   351.1 BUR 1965 20/08/2016 C-7 Books  
  Dewey Decimal Classification     Non-fiction Central Library, University of Rajshahi Central Library, University of Rajshahi 30/10/1968 Zeitlinge 80.60   351.1 BUR 1965 20/08/2016 C-8 Books  
  Dewey Decimal Classification     Non-fiction Central Library, University of Rajshahi Central Library, University of Rajshahi 30/10/1968 Zeitlinge 80.60   351.1 BUR 1965 20/08/2016 C-9 Books  
  Dewey Decimal Classification   Not For Loan Non-fiction Central Library, University of Rajshahi Central Library, University of Rajshahi 30/10/1968 Zeitlinge 80.60   351.1 BUR 1965 20/08/2016 C-1 Books Reading Room